Couscous, contes, sortilèges. La fabrique de l’écriture d’Elisa Chimenti (Naples 1883-Tanger 1969) (notice n° 1605531)
[ vue normale ]
| 000 -LEADER | |
|---|---|
| fixed length control field | 02440cam a2200181 4500500 |
| 005 - DATE AND TIME OF LATEST TRANSACTION | |
| control field | 20251228095056.0 |
| 041 ## - LANGUAGE CODE | |
| Language code of text/sound track or separate title | fre |
| 042 ## - AUTHENTICATION CODE | |
| Authentication code | dc |
| 100 10 - MAIN ENTRY--PERSONAL NAME | |
| Personal name | Cederna, Camilla Maria |
| Relator term | author |
| 245 00 - TITLE STATEMENT | |
| Title | Couscous, contes, sortilèges. La fabrique de l’écriture d’Elisa Chimenti (Naples 1883-Tanger 1969) |
| 260 ## - PUBLICATION, DISTRIBUTION, ETC. | |
| Date of publication, distribution, etc. | 2020.<br/> |
| 500 ## - GENERAL NOTE | |
| General note | 95 |
| 520 ## - SUMMARY, ETC. | |
| Summary, etc. | L’auteure essaie d’explorer quelques secrets de la création dans l’œuvre d’Elisa Chimenti, sur le plan du contenu (rituels magiques et religieux) et de l’expression. En particulier dans ses innombrables contes, ces secrets sont liés à la relation d’hostilité entre les sexes, et notamment aux pratiques magiques, aux sortilèges, auxquels les femmes ont recours pour se défendre de leurs ennemis. Mais le secret plus difficile à pénétrer est celui de l’écriture même d’Elisa Chimenti, de ses milliers de pages inédites, monument d’un savoir encyclopédique qui reste encore à découvrir. |
| 520 ## - SUMMARY, ETC. | |
| Summary, etc. | The author attempts to explore some secrets linked to creation in Elisa Chimenti’s work, from the point of view of its contents – magical and religious rituals – and its expression. In her many tales, particularly, these secrets are related to the hostility between genders and especially to the magic and spells the women resort to so as to protect themselves against their enemies. But the secret which is the most difficult to discover relates to Elisa Chimenti’s writing, to her thousands of unpublished pages, testifying to a vast encyclopaedic knowledge which remains to be discovered. |
| 520 ## - SUMMARY, ETC. | |
| Summary, etc. | A autora procura explorar alguns segredos da criação na obra de Elisa Chimenti, situados tanto num plano semântico (rituais mágicos e religiosos) como da expressão. Nos seus inúmeros contos, principalmente, estes segredos traduzem uma relação de hostilidade entre os sexos, nomeadamente através das práticas mágicas e dos sortilégios aos quais as mulheres recorrem para se defenderem contra os seus inimigos. Contudo, o segredo mais difícil de perscrutar será, porventura, o da própria escrita de Elisa Chimenti que representa, com milhares de páginas ainda inéditas, um autêntico monumento ainda por descobrir consagrado ao saber enciclopédico. |
| 786 0# - DATA SOURCE ENTRY | |
| Note | Sigila | 44 | 2 | 2020-01-10 | p. 57-70 | 1286-1715 |
| 856 41 - ELECTRONIC LOCATION AND ACCESS | |
| Uniform Resource Identifier | <a href="https://shs.cairn.info/revue-sigila-2019-2-page-57?lang=fr&redirect-ssocas=7080">https://shs.cairn.info/revue-sigila-2019-2-page-57?lang=fr&redirect-ssocas=7080</a> |
Pas d'exemplaire disponible.




Réseaux sociaux